00295 a2200133 450000100060000002000150000604000260002110000260004724000270007324500220010030000070012236200090012965000230013850291 a8599007319 cAnchieta - Bela Vista aGouveia, Luis Augusto10aVítor e Gabriellpor10aVítor e Gabriel a400 a2006 4aLiteratura juvenil